| 000 | 00543nam a2200181Ia 4500 | ||
|---|---|---|---|
| 003 | GCL | ||
| 008 | 140319s9999 xx 000 0 eng d | ||
| 020 | _a0944347169 | ||
| 040 |
_aGCL / _cGCL |
||
| 082 | 0 | 4 |
_a909.82 _bN W |
| 100 | 1 | _aNEUHARTH, ALLEN H. | |
| 245 | 1 | 0 |
_aWINDOW ON THE WORLD : _bFACES, PLACES AND PLAIN TALK FROM 32 COUNTRIES / _cNEUHARTH, ALLEN H. |
| 260 |
_aنيويورك : _bUSA TODAY BOOKS ، _c1988 |
||
| 300 |
_a217 P _bILL. ؛ _c30 cm. |
||
| 650 | 0 | 4 | _aINTERVIEWS |
| 650 | 0 | 4 | _aHISTORY, MODERN - 1945 - |
| 942 |
_2ddc _cBK |
||
| 999 |
_c7759 _d7759 |
||